MDQL
is popping MORE tags! Check the
thread
!
Quizzes
Events
Quiz Creation
Community
Videos
Private Events
Remove Ads
Sign In
Join for FREE
Feedback
Dark Mode
Quiz Categories
Sports
Geography
Music
Movies
Television
Just For Fun
Miscellaneous
History
Literature
Language
Science
Gaming
Entertainment
Religion
Holiday
For Kids
Quiz Lab
Recent
Popular Today
Quiz Kudos Today
Editor Picks
Curator Picks
Quizzes by...
Day
Popularity
Type
Ratings
Length
Year
Community
Subscriptions
Recent Discussions
Orange Saloon
Badges
Playlists
Quests
Create
Leaderboards
Showdown
Live 5
Trivia Bingo
Activity
Puzzle Library
Sporcle Events
Private Events
Virtual Trivia
Globe League
Become a Host
Pub Owners
SporcleCon
Opinionation
Our Games
Videos
Blog
Mobile Apps
Partnerships
Remove Ads and Go Orange
Feedback
Music
Pop Music
The Beatles
Song
Album
Lyrics
Bands
Singers
Artist
Clip
Rock
Rap
Classical
Billboard
Country Music
Kpop
Taylor Swift
Music
Pop Music
The Beatles
Song
Album
Lyrics
Bands
Singers
Artist
Clip
Rock
Rap
Classical
Billboard
Country Music
Kpop
Taylor Swift
Random Quiz
Search Sporcle
×
Quiz Lab
Quiz Lab
Music
Type answers based on single images at one time
Type answers based on single images at one time
Slideshow
Best Score? Go Orange.
Name my bias and bias wreckers :D Stats
Can you name my bias and bias wreckers :D?
By
enniksomidouma19
15m
60 Questions
7 Plays
7 Plays
7 Plays
Comments
Comments
Give Quiz Kudos
Give Quiz Kudos
-
- Ratings
hide this ad
Replay
Link that replays current quiz
Next Quiz
Link to next quiz in quiz playlist
You Got
0%
They Got
Avg Score
74%
Avg Friend Score
Upgrade to see
Score Distribution
Jump to the score distribution portion of the page
Score
0/60
Timer
15:00
0
Plays Today
% Correct
Mark
100%
Jackson
100%
Junior
100%
Yugyeom
100%
Mina
100%
Nayeon
100%
Kyungsoo
100%
Baekhyun
100%
Taehyung
100%
Seokjin
100%
Jungkook
100%
Vernon
100%
Mingyu
100%
Jun
100%
Wonwoo
100%
I.M
100%
Hyungwon
100%
Moonbin
100%
Eunwoo
100%
Jisoo
100%
Jennie
100%
Mark
100%
Ten
100%
Seulgi
100%
Irene
100%
Dahyun
85.7%
SinB
85.7%
Zico
85.7%
Wendy
85.7%
Chungha
71.4%
% Correct
Yerin
71.4%
Ukwon
71.4%
Hongbin
71.4%
Ken
71.4%
Ravi
71.4%
Somi
57.1%
Yeonjung
57.1%
Eunha
57.1%
Sowon
57.1%
Jinyoung
57.1%
Hoya
57.1%
Sunggyu
57.1%
Bomi
57.1%
Eunji
57.1%
Jieqiong
42.9%
Yoojung
42.9%
Jiho
42.9%
YooA
42.9%
JinE
42.9%
Mijoo
42.9%
Yein
42.9%
Yebin
42.9%
Chaeyeon
42.9%
Gayoon
42.9%
Baro
42.9%
Sohyun
42.9%
Hayoung
42.9%
Chorong
42.9%
Eunseo
28.6%
Gugudan
28.6%
Quiz Playlist
Details
Report
Send in Message
Add To Playlist
Slideshow:
Type answers based on single images at one time
Last Updated: Feb 16, 2017
Quiz Scoreboard
CHALLENGE
Sign Up to Join the Scoreboard
Show All
Scores
Hide
Comments
May contain spoilers
Recently Published
1-10 Letter E Words III
by El_Dandy
Language
2m
Street Fighter Characters
by Artimus82
Gaming
60s
College Basketball Coaching Resumes
by pancakes188
Sports
9m
More to Explore
Quiz From the Vault
Featured Blog Post
Where Did the Easter Bunny Come From?
hide this ad
You Might Also Like...
Tags
This quiz does not have any tags.
Today's Top Quizzes in Music
Browse Music
hide this ad
Top Contributed Quizzes in Music
1
Taylor Swift All Songs (2024)
2
Taylor Swift Logic Puzzle
3
Guess the Artist- 70s Songs
4
7-to-1: Billboard Hot 100 #1 Hits of 2010s
5
Sorting Albums and Songs
6
Billboard Blitz: Aretha Franklin
7
KPOP LOGIC QUIZ
8
Guess the Taylor Swift song (Mystery Song)
9
Guess The Taylor Swift Lyrics Song #1
10
Billboard Blitz: ABBA
Explore More
Trending Topics
Marvel
NBA
Harry Potter
Kpop
Disney
Crossword
Anime
NFL
Soccer
Pokémon
WWE
The Office
Country
Puzzle
Song
hide this ad
More By:
enniksomidouma19
Quiz
Plays
Rating
Category
Featured
Created
guess the KPOP idols (Female) (Easy)
473
4.50
Music
Oct 4, 2016
Guess the KPOP idol (Male)
162
Music
Oct 7, 2016
Name my bias and bias wreckers :D
7
5.00
Music
Oct 23, 2016
Go to Creator's Profile
Score Distribution
Quiz Creator Spotlight
enniksomidouma19
Follow
Send a Message
Quizzes Created
-
Created Quiz Play Count
-
More By This Creator
Popular Quizzes Today
1
Find the US States - No Outlines Minefield
2
Find the Countries of Europe - No Outlines Minefield
3
The Countries of the World
4
Find the US States
5
Risky Map Clicking: Biggest States A-Z
6
US States
7
Popular People in 1961
8
Movies - When Are They Set?
More Music Quizzes
Scrambled Music Artists
Quiz Lab
Trending Quizzes
Risky Map Clicking: Least Populous States A-Z
Billboard Blitz: Aretha Franklin
Famous Russians: Author or Composer?
1-10 Letter G Words
Countries of the World: 200 Million BC
Recently Updated
Leaping Animals
pecheneg
Reality TV Shows (A-Z)
bhenderson79
Rickey Henderson's Hall of Fame Teammates
pecheneg
Champions League XIs: Arsenal
pecheneg
Quick Pick: Celebrities in WWE's Hall of Fame
aduchscher
A-Z Keypad Blitz II
pecheneg
Multiple Oscar Actors
pecheneg
Mystery Phrase Blitz: Oscar 'Best Actors'
pecheneg
F. Scott Fitzgerald Novels
LTH
Pick 3 Villains
ddd62291
Trending Topics
Kpop
Marvel
NBA
Crossword
Disney
Harry Potter
Anime
Song
NFL
Puzzle
Pokémon
The Office
Soccer
Country
WWE
Your Account Isn't Verified!
In order to create a playlist on Sporcle, you need to verify the email address you used during registration. Go to your
Sporcle Settings
to finish the process.
Report this User
Report this user for behavior that violates our
Community Guidelines
.
Details:
Send Report
Go to the Sporcle.com Mobile Site →
Comments